Statistics for Map of NCAA DI Women's Lacrosse Programs

Click here to take the quiz!

General Stats

  • This quiz has been taken 46 times
  • The average score is 59 of 120

Answers on the Map

Answers color-coded by a green-red scale on the quiz's map according to % correct below.
 

Answer Stats

ClassesAnswer% Correct
zoomable-circleOregon
93%
zoomable-circleMichigan
87%
zoomable-circleNorth Carolina
87%
zoomable-circleOhio St
87%
zoomable-circleUSC
87%
zoomable-circleVermont
87%
zoomable-circleBoston College
83%
zoomable-circleFlorida
83%
zoomable-circleSaint Mary's
83%
zoomable-circleArizona St
80%
zoomable-circleColorado
80%
zoomable-circleMaryland
80%
zoomable-circleNorthwestern
80%
zoomable-circlePennsyvania
80%
zoomable-circleYale
80%
zoomable-circleDenver
77%
zoomable-circleHarvard
77%
zoomable-circlePenn St
77%
zoomable-circleUMass
77%
zoomable-circleVirginia
77%
zoomable-circleBoston U
73%
zoomable-circleBrown
73%
zoomable-circleCalifornia
73%
zoomable-circleDartmouth
73%
zoomable-circleJacksonville
73%
zoomable-circleStanford
73%
zoomable-circleSyracuse
73%
zoomable-circleAlbany
70%
zoomable-circleCornell
70%
zoomable-circleDuke
70%
zoomable-circleGeorgetown
70%
zoomable-circleLouisville
70%
zoomable-circleNotre Dame
70%
zoomable-circlePrinceton
70%
zoomable-circleSan Diego St
70%
zoomable-circleRutgers
67%
zoomable-circleDelaware
63%
zoomable-circleNew Hampshire
63%
zoomable-circleVirginia Tech
63%
zoomable-circleCentral Michigan
60%
zoomable-circleRichmond
60%
zoomable-circleUConn
60%
zoomable-circleVanderbilt
60%
zoomable-circleCincinnati
57%
zoomable-circleCoastal Carolina
57%
zoomable-circleColombia
57%
zoomable-circleNavy
57%
zoomable-circleUMBC
57%
zoomable-circleAkron
53%
zoomable-circleTemple
53%
zoomable-circleArmy
50%
zoomable-circleGeorge Washington
50%
zoomable-circleLoyola
50%
zoomable-circleDelaware St
47%
zoomable-circleDetroit Mercy
47%
zoomable-circleEastern Michigan
47%
zoomable-circleGeorge Mason
47%
zoomable-circleJames Madison
47%
zoomable-circleLong Island
47%
zoomable-circleUMass Lowell
47%
zoomable-circleVillanova
47%
zoomable-circleBinghamton
43%
zoomable-circleJohns Hopkins
43%
zoomable-circleMarquette
43%
zoomable-circleWilliam & Mary
43%
zoomable-circleAmerican
40%
zoomable-circleBucknell
40%
zoomable-circleColgate
40%
zoomable-circleEast Carolina
40%
zoomable-circleMercer
40%
zoomable-circleMount St. Mary's
40%
zoomable-circleNiagara
40%
zoomable-circleOld Dominion
40%
zoomable-circleVCU
40%
zoomable-circleHoly Cross
37%
zoomable-circleHoward
37%
zoomable-circleTowson
37%
zoomable-circleYoungstown St
37%
zoomable-circleBryant
33%
zoomable-circleCanisius
33%
zoomable-circleDrexel
33%
zoomable-circleDuquesne
33%
zoomable-circleElon
33%
zoomable-circleHigh Point
33%
zoomable-circleKent St
33%
zoomable-circleLa Salle
33%
zoomable-circleLehigh
33%
zoomable-circleLiberty
33%
zoomable-circleStony Brook
33%
zoomable-circleUC Davis
33%
zoomable-circleHartford
30%
zoomable-circleMerrimack
30%
zoomable-circleSacred Heart
30%
zoomable-circleButler
27%
zoomable-circleGardner-Webb
27%
zoomable-circleHofstra
27%
zoomable-circleKennesaw St
27%
zoomable-circleLafayette
27%
zoomable-circleManhatten
27%
zoomable-circleMarist
27%
zoomable-circleQuinnipiac
27%
zoomable-circleRobert Morris
27%
zoomable-circleSiena
27%
zoomable-circleWinthrop
27%
zoomable-circleDavidson
23%
zoomable-circleFairfield
23%
zoomable-circleIona
23%
zoomable-circleMonmouth
23%
zoomable-circleRadford
23%
zoomable-circleSt. Bonaventure
23%
zoomable-circleStetson
23%
zoomable-circleWagner
23%
zoomable-circleWofford
23%
zoomable-circleCampbell
20%
zoomable-circleCentral Connecticut St
20%
zoomable-circleFurman
17%
zoomable-circleLongwood
17%
zoomable-circlePresbyterian
17%
zoomable-circleSaint Francis
13%
zoomable-circleSaint Joseph's
13%

Score Distribution

Percentile by Number Answered

Percent of People with Each Score

Your Score History

You have not taken this quiz